| 000 | 00612nam a2200169 a 4500 | ||
|---|---|---|---|
| 005 | 20240823063919.0 | ||
| 008 | 991125s1965 ea 000 0 eng u | ||
| 035 | _aUPN01000058872 | ||
| 049 | _aCG | ||
| 050 | 4 |
_aLC1045 _bV6.3 |
|
| 245 | 0 | 0 |
_aVocational education : _bthe sixty-fourth yearbook of the National Society for the Study of Education / _cby the yearbook committee and associated contributors ; ed. by Melvin L. Barlow. |
| 260 |
_aChicago [E.U.A.] : _bNSSE, _c1965. |
||
| 300 | _a301 p. | ||
| 650 | 4 |
_aEducación vocacional _zEstados Unidos _917987 |
|
| 700 | 1 |
_aBarlow, Melvin L., _eed. |
|
| 905 | _aLibro | ||
| 999 |
_c58872 _d58872 |
||